000 00695nam a2200253Ia 4500
001 Para_1641
003 CHAP
008 220125s1988 xx 000 0 und d
010 _a200278
040 _cCHAP
082 _aPA 592.009 S6
110 _aSociety for invertebrate pathology (21:1988: Sand Diego, Cal.)
_9165153
245 _aPrograms and abstracts /
_c by University of California
260 _aSan Diego, Cal. :
_b The society
300 _a109 p.
650 _aInvertebrados
_960203
901 _aPA 592.009 S6
902 _aA
905 _a0000001988 0000000000 00
910 _a1988
942 _cPARA
942 _cPARA
_d1
999 _c200278
_d200278